[Event "Monaco Grand Prix-02 GM"]
[Site "Monte Carlo"]
[Date "1968.04.??"]
[Round "6"]
[White "Byrne, Robert Eugene"]
[Black "Uhlmann, Wolfgang"]
[Result "1-0"]
[WhiteElo "2450"]
[BlackElo "2590"]
[Annotator "Myers,D"]
[PlyCount "89"]
[EventDate "1968.04.03"]
[EventType "tourn"]
[EventRounds "13"]
[EventCountry "MNC"]
[SourceTitle "EXT 2021"]
[Source "ChessBase"]
[SourceDate "2020.10.23"]
[SourceVersion "1"]
[SourceVersionDate "2020.10.23"]
[SourceQuality "1"]
[TimeControl "40/7200:20/3600:0"]

1. e4 e6 2. d4 d5 3. Nc3 Bb4 4. e5 c5 5. a3 Bxc3+ 6. bxc3 Ne7 7. Qg4 Qc7 8.
Qxg7 Rg8 9. Qxh7 cxd4 10. Ne2 Nbc6 11. f4 Bd7 12. h3 $5 (12. cxd4 $2 Nxd4 $17)
(12. Rb1) (12. g3 {Levenfish}) 12... dxc3 13. g4 O-O-O 14. Qd3 d4 (14... Ng6
15. Bg2 Nh4 16. Bf1 Nxe5 17. fxe5 Qxe5 18. Qxc3+ Qxc3+ 19. Nxc3) 15. Rb1 (15.
Ng3 $5 Ng6 16. Be2 $2 (16. Bg2 Ncxe5 17. fxe5 Nxe5 18. Qe2 Nxg4 {(Moles 75)})
16... Ngxe5 17. fxe5 Nxe5 {(Moles 75)}) (15. Bg2 $1 Na5 (15... Qb6 $5 {
(Uhlmann)}) (15... Nf5 $6 16. Be4 {(Korelov)}) 16. Nxd4 $2 (16. Qxd4 $6 Bc6 17.
Qf2 Rd2 $5 {(Moles 75)}) (16. O-O Bc6 {(Moles)}) 16... Bc6 $1 {(Moles 75)})
15... Nxe5 $5 (15... Ng6) (15... Be8 16. Bg2 f6 $2 (16... Ng6 {(Watson 84)})
17. exf6 Bg6 18. Be4 {(Moles 75)}) 16. fxe5 Bc6 $1 17. Rg1 Ng6 $1 $44 {(eco 81)
} 18. Bf4 $5 (18. Qg3 $1 {Uhlmann} d3 (18... Be4 $5 {Larsen} 19. Bg2 Bxc2 20.
Rxb7 Qc4 21. Qf3 $5 Nxe5 22. Rb8+ Kd7 23. Qb7+ Kd6 24. Rxd8+ Rxd8 25. Bf4 d3
$13 {(Watson 84)}) 19. cxd3 c2 20. Rb4 Nxe5 21. Bf4 Rxd3 22. Bxe5 Rxg3 23. Bxc7
Rxg1 24. Bf4 $1 $14 {(Uhlmann)}) 18... Nxf4 19. Nxf4 Qxe5+ 20. Ne2 Rd5 $1 (
20... Be4 $1 21. Qc4+ Kb8 22. Bg2 Bxg2 23. Rxg2 Qe4 24. Rf2 f5 $44 {(Uhlmann)}
25. Qd3 $5 {(Moles 75)}) 21. Bg2 Bb5 $132 22. Qe4 $6 (22. Rxb5 Rxb5 23. Qxd4
Rb1+ 24. Kf2 Qxd4+ 25. Nxd4 Rxg1 26. Kxg1 Rd8 $10 {(Uhlmann)}) 22... d3 $1 23.
Qxe5 (23. Rxb5 Rxb5 24. Qxe5 (24. cxd3 Qc5 $13 {(Gligoric)}) 24... Rxe5 25.
cxd3 Rd8 26. Be4 c2 $1 {(Gligoric)}) 23... Rxe5 24. Rxb5 $6 Rxb5 $6 (24...
Rxe2+ $1 25. Kd1 (25. Kf1 Rxc2 26. Bxb7+ Kc7 27. Be4 Rd8 $1 {(Gligoric)}) 25...
Rd2+ 26. Kc1 Rxc2+ 27. Kb1 Rd8 $1 $17 {(Watson 84)} 28. Bxb7+ Kc7 29. Be4 Re2 {
(Gligoric)} 30. Bxd3 $17 {(Moles 75)}) 25. Nxc3 dxc2 26. Kd2 Rb2 27. Be4 c1=Q+
28. Kxc1 Rb3 29. Kc2 Rxa3 30. Rf1 Rg7 31. Rf4 Kb8 $2 (31... f5 $1 32. gxf5 Rc7
$1 33. Rf3 exf5 34. Bxf5+ Kd8 35. h4 Rcxc3+ $10 {(Gligoric)}) 32. Bd3 Ra1 33.
h4 Rh1 34. g5 Rh2+ 35. Kb3 Kc7 $2 (35... a6) 36. Nb5+ Kd7 37. Nxa7 e5 38. Rb4
b6 39. Bf5+ Kc7 40. Rc4+ Kb7 41. Nb5 Ka6 42. Nd6 b5 43. Rc6+ Ka7 44. Nxb5+ Kb7
45. Rc4 1-0

[Event "Monaco Grand Prix-02 GM"]
[Site "Monte Carlo"]
[Date "1968.04.??"]
[Round "2"]
[White "Portisch, Lajos"]
[Black "Uhlmann, Wolfgang"]
[Result "1-0"]
[WhiteElo "2620"]
[BlackElo "2590"]
[Annotator "Myers,D"]
[PlyCount "95"]
[EventDate "1968.04.03"]
[EventType "tourn"]
[EventRounds "13"]
[EventCountry "MNC"]
[SourceTitle "EXT 2021"]
[Source "ChessBase"]
[SourceDate "2020.10.23"]
[SourceVersion "1"]
[SourceVersionDate "2020.10.23"]
[SourceQuality "1"]
[TimeControl "40/7200:20/3600:0"]

1. e4 e6 2. d4 d5 3. Nc3 Bb4 4. e5 Ne7 5. a3 Bxc3+ 6. bxc3 c5 7. Qg4 Qc7 8.
Qxg7 Rg8 9. Qxh7 cxd4 10. Ne2 Nbc6 11. f4 Bd7 12. Qd3 dxc3 13. Qxc3 Nf5 14. Rb1
$1 d4 15. Qc4 $1 Qa5+ $5 (15... O-O-O 16. Bd2 f6 $1 17. exf6 Rdf8 $132 {
(Watson 84)} (17... Nd6 $132 {(Watson 84)})) 16. Bd2 Qxa3 17. Rxb7 Qa1+ $6 (
17... Ne3 $1 {Portisch} 18. Bxe3 dxe3 19. Qc3 (19. Qb3 Qa5+ 20. c3 $5 Ke7 21.
Qd1 Rgd8 {(Watson 84)}) 19... Qxc3+ 20. Nxc3 Nd4 21. Ne4 Bc6 22. Nd6+ Kd8 23.
Nxf7+ $10 {(bco 82)}) 18. Kf2 Rc8 19. Qd3 Nce7 (19... Nd8 {O'Kelly} 20. Rb3 Ba4
$6 21. Ra3 Qd1 22. Rxa4 $6 (22. Nxd4 $1 Bxc2 (22... Nxd4 $2 23. Qxd4 Bxc2 24.
Bb5+) 23. Qb5+ Kf8 24. Qb4+ Kg7 25. Rg1 Nxd4 26. Qxd4 Nc6 27. Rg3+ Kh8 28. Rh3+
Kg7 29. Qe3 $132 {(Judovic 68)}) 22... Rxc2 23. Qb5+ Kf8 24. Bb4+ Kg7 25. Ra3
$1 {(Portisch 68)}) 20. c4 $1 $16 {(eco 74/81)} Qa6 21. Rb2 Qxc4 22. Qxc4 Rxc4
23. Rg1 $16 {(Moles 75)} Ne3 $5 24. Bxe3 dxe3+ 25. Kxe3 Nd5+ 26. Kd3 Rc8 27. g3
a5 28. Bg2 Nb4+ 29. Ke3 Ke7 30. Rc1 Bb5 31. Rxc8 Rxc8 32. Be4 Bxe2 33. Kxe2 f6
34. exf6+ Kxf6 35. Rb3 e5 36. f5 Rc4 37. Kf3 a4 38. Ra3 Nc2 39. Bxc2 Rxc2 40.
Rxa4 Kxf5 41. h4 Rc3+ 42. Kg2 Rc2+ 43. Kh3 e4 44. Ra5+ Kf6 (44... Ke6 45. Kg4
Rf2 46. Ra8 Kd5 47. Re8 Kd4 48. h5 e3 49. h6 Rh2 (49... e2 50. h7 Rh2 51. Rxe2
Rxh7 52. Kf5) 50. Kf4 $1 Rxh6 (50... e2 51. g4) 51. Rd8+) 45. Ra8 Kf7 46. Ra4
e3 47. Re4 e2 48. Re3 {i5/208(Portisch)} 1-0

[Event "Monaco Grand Prix-02 GM"]
[Site "Monte Carlo"]
[Date "1968.04.??"]
[Round "4"]
[White "Byrne, Robert Eugene"]
[Black "Botvinnik, Mikhail"]
[Result "1/2-1/2"]
[WhiteElo "2450"]
[BlackElo "2650"]
[Annotator "Myers,D"]
[PlyCount "50"]
[EventDate "1968.04.03"]
[EventType "tourn"]
[EventRounds "13"]
[EventCountry "MNC"]
[SourceTitle "EXT 2021"]
[Source "ChessBase"]
[SourceDate "2020.10.23"]
[SourceVersion "1"]
[SourceVersionDate "2020.10.23"]
[SourceQuality "1"]
[TimeControl "40/7200:20/3600:0"]

1. e4 e6 2. d4 d5 3. Nc3 Bb4 4. e5 c5 5. a3 Bxc3+ 6. bxc3 Qc7 7. Qg4 f5 8. Qg3
Ne7 9. Qxg7 Rg8 10. Qxh7 cxd4 11. Ne2 (11. Kd1) 11... Nbc6 (11... dxc3 12. f4
Nbc6 13. Qh3 (13. Nxc3 Nd4 14. Nb5 Nxb5 15. Bxb5+ Bd7 16. Qh5+ Kd8 $1 $17 {
(Vukovic)}) 13... d4 14. Rb1 b6 {Saigin-Batygin USSR 1953}) 12. f4 $1 (12. Bf4
$6 Bd7 13. Rd1 dxc3 $132 {(Keres 69)} 14. Qh3 Ng6 15. Qxc3 Nxf4 16. Nxf4 Qxe5+
$15 {(eco 81) Sherbakov-Antoshin USSR 1959}) 12... Bd7 (12... dxc3 $5) 13. Qh3
dxc3 14. Qxc3 O-O-O 15. g3 Be8 16. Bg2 Bh5 17. Bd2 Qb6 18. Rf1 Kb8 $10 {
(eco 74/81)} 19. Bf3 Bg4 $1 20. O-O-O d4 21. Qb3 Qa6 22. Qd3 Qa4 23. Qb3 Qa6
24. Qd3 Qb6 25. Qb3 Qa6 1/2-1/2

[Event "ROM-ch49 Final"]
[Site "Timisoara"]
[Date "1985.12.??"]
[Round "?"]
[White "Ghinda, Mihail Viorel"]
[Black "Ionescu, Constantin"]
[Result "0-1"]
[WhiteElo "2475"]
[BlackElo "2420"]
[Annotator "Myers,D"]
[PlyCount "116"]
[EventDate "1985.12.??"]
[EventType "swiss"]
[EventRounds "11"]
[EventCountry "ROU"]
[SourceTitle "EXT 2020"]
[Source "ChessBase"]
[SourceDate "2019.10.17"]
[SourceVersion "1"]
[SourceVersionDate "2019.10.17"]
[SourceQuality "1"]

1. e4 e6 2. d4 d5 3. Nc3 Bb4 4. e5 c5 5. a3 Ba5 6. Bd2 cxd4 7. Nb5 Bc7 8. f4
Ne7 (8... Nc6 9. Qg4 g6 10. Nf3 $14 {(Suetin 88)}) (8... Nh6 9. Qh5 Nf5 10. Nf3
g6 11. Qh3 h5 12. Bd3 Nc6 13. Bxf5 gxf5 14. Nbxd4 $14 {(Suetin 88)
Janosevic-Matanovic Yugoslavia 1955}) 9. Nf3 Nbc6 10. Bd3 a6 (10... Ng6 11. h4
h5 12. Qe2 a6 13. Nbxd4 Nxd4 14. Nxd4 Nxh4 15. g3 Ng6 16. Rxh5 $14 {(Suetin 88)
}) 11. Nbxd4 Bb6 12. c3 Bd7 13. Be3 Rc8 14. O-O h5 $5 15. Qe2 g6 16. Qf2 Nxd4
17. Nxd4 (17. Bxd4 $5) 17... Bxd4 18. Bxd4 Bb5 19. Rad1 (19. Bxb5+ axb5 20. a4
$36 {(Suetin 88)}) 19... Bxd3 20. Rxd3 Nf5 21. Bc5 Rc6 22. a4 Qa5 23. Ba3 Kd7
24. Qa7 Kc7 25. c4 dxc4 26. Bd6+ Rxd6 27. exd6+ Kc6 28. Rc1 Qc5+ 29. Qxc5+ Kxc5
30. d7 Rd8 31. b3 b5 32. axb5 axb5 33. bxc4 bxc4 34. Kf1 Nd6 35. Ra3 Rxd7 36.
Rd1 Rb7 37. Ra5+ Nb5 38. Rb1 c3 39. Ke1 Kc4 40. Ra4+ Kd3 41. Rd1+ Kc2 42. Rb4
Nd6 43. Rxb7 Nxb7 44. Rd7 Na5 45. Rxf7 Kb2 46. Rc7 c2 47. Kd2 Nb3+ 48. Kd3 c1=Q
49. Rxc1 Kxc1 50. Ke4 Kd2 51. g3 Nc5+ 52. Ke5 Ke3 53. Kf6 Kf3 54. Kxg6 Kg4 55.
Kf6 Kh3 56. f5 Kxh2 57. fxe6 Nxe6 58. Kg6 Ng7 {i41/349 (Ionescu)} 0-1

[Event "Leningrad-ch56"]
[Site "Leningrad"]
[Date "1983.01.??"]
[Round "?"]
[White "Lukin, Andrei M"]
[Black "Cherepkov, Alexander V"]
[Result "1/2-1/2"]
[WhiteElo "2485"]
[BlackElo "2415"]
[Annotator "Nesis,G/Fedorov,VI"]
[PlyCount "54"]
[EventDate "1983.01.??"]
[EventType "tourn"]
[EventRounds "17"]
[EventCountry "URS"]
[SourceTitle "EXT 2006"]
[Source "ChessBase"]
[SourceDate "2005.11.24"]
[SourceVersion "1"]
[SourceVersionDate "2005.11.24"]
[SourceQuality "1"]

{35/390} 1. e4 e6 2. d4 d5 3. Nc3 Bb4 4. e5 c5 5. a3 Bxc3+ 6. bxc3 Ne7 7. Qg4
Qc7 8. Qxg7 Rg8 9. Qxh7 cxd4 10. Kd1 Nbc6 11. Nf3 dxc3 12. Bg5 $5 Bd7 13. Bf6
O-O-O 14. h4 Ng6 $1 15. Bxd8 Rxd8 16. Qg7 Ngxe5 17. Nxe5 Nxe5 18. h5 d4 19. h6
d3 20. Bxd3 Nxd3 21. cxd3 Bb5 22. h7 c2+ ({Lukin:} 22... Qc4 $5 23. Qg3 $1 (23.
Qg5 $142 {:Laios}) 23... Rxd3+ 24. Kc1 Qb3 25. h8=Q+ Kd7 26. Qxd3+ Bxd3 27.
Qd4+ Kc6 28. Qxd3 Qb2+ 29. Kd1 Qxa1+ 30. Ke2 Qxh1 31. Qxc3+ $11) 23. Kc1 Qf4+
24. Kb2 e5 25. h8=Q Qd4+ 26. Ka2 Qd5+ 27. Kb2 Qd4+ 1/2-1/2

[Event "Biel"]
[Site "Biel"]
[Date "1986.07.22"]
[Round "3"]
[White "Nunn, John DM"]
[Black "Hug, Werner"]
[Result "1-0"]
[WhiteElo "2590"]
[BlackElo "2455"]
[Annotator "Nunn,J"]
[PlyCount "95"]
[EventDate "1986.07.20"]
[EventType "tourn"]
[EventRounds "11"]
[EventCountry "SUI"]
[EventCategory "12"]
[SourceTitle "CBM 001"]
[Source "ChessBase"]
[SourceDate "2004.01.01"]
[SourceVersion "1"]
[SourceVersionDate "2004.01.01"]
[SourceQuality "1"]

1. e4 {Dolmatov} e6 2. d4 d5 3. Nc3 Bb4 4. e5 c5 5. a3 Ba5 6. Bd2 {White
avoids the critical variations starting with 6 b4, but the positional 6 Bd2
can also be dangerous, e.g Sax-Korchnoi, Lugano 1986, which was won by White.}
Nc6 {More logical than 6...cxd4 7 Nb5 Bxd2+ 8 Qxd2, as played in the
Sax-Korchnoi game, since Black retains the option of capturing on d4 with the
knight.} 7. Nb5 Nxd4 8. Nxd4 Bxd2+ {This could be a mistake. I assumed that 8..
.cxd4 was bad because of 9 Bb5+ Bd7 10 Bxd7+ Kxd7, but in Rogers-Korchnoi from
Biel White could find no way to exploit the position of Black's king and soon
stood worse.} 9. Qxd2 cxd4 10. Nf3 {White has the slight plus characteristic
of this type of French position; control of d4 and the good bishop. However 10
Qxd4 was better, followed by Nf3,Bd3 and 0-0-0, since the queen can swing to
the kingside more easily.} Ne7 11. Nxd4 (11. Qxd4 $6 {Dolmatov} Nc6 12. Qg4 O-O
13. Bd3 f5 $132) 11... O-O 12. f4 Nc6 13. O-O-O Bd7 {White's position may
appear promising, but Black can develop counterplay by ...Nxd4 and ...Qa5,
aiming for ...Bb5. Any attempt at a kingside attack by White would be too slow,
so he must aim to nullify Black's queenside play.} 14. Be2 Rc8 15. Rhf1 Nxd4 (
15... a6 $22 {Dolmatov} 16. Kb1 Nxd4 17. Qxd4 Bb5 18. Bxb5 axb5 $132) 16. Qxd4
Qa5 17. Qb4 {Or else ...Bb5 follows.} Qxb4 {A mistake. Black should draw the
ending, but it requires accurate defence. 17...Qc7 18 Bd3 a5 followed by ...b5
was much more dangerous for White.} 18. axb4 f6 {A good move. Black must not
wait passively for White to improve his position. Instead he removes the
cramping effect of the e5 pawn and activates the f8 rook. Although there is a
hole at e5 White cannot easily exploit it.} (18... a6 {Dolmatov} 19. Kd2 Bb5
20. Bxb5 axb5 21. Ra1 Rc4 22. c3 d4 23. Ra5 $14) 19. exf6 {After 19 Kd2 fxe5
20 fxe5 Rxf1 21 Rxf1 Rf8 the bishop ending is drawn, as a timely ...b6
prevents any penetration by White's king.} Rxf6 (19... gxf6 $6 {Dolmatov} 20.
f5 $16) 20. Kd2 h6 {Again a good defensive move. White now has to worry that
Black will play ...g5 followed, after an exchange of pawns, by ...e5 freeing
the bishop.} 21. Bd3 Kf8 {For the moment 21...g5 is impossible because of 22
fxg5 Rxf1 23 Rxf1 hxg5 24 Rf6 winning a pawn. Therefore Black plans ...Ke7-d6,.
..Rcf8 and only then ...g5.} 22. Ke3 Ke7 23. b3 {White must become active on
the queenside to stop Black's plan. After 23 Kd4 Kd6 (threat ...Rxf4+) 24 g3
g5! 25 fxg5 Rxf1 26 Rxf1 hxg5 Black has active play by ...e5+ or ...Rh8.} (23.
b5 $5 {Dolmatov} Rc5 24. Kd4 b6 25. b4 $16) 23... a6 {Black is very close to
equality. This move threatens ...Bb5, but also makes sure that a bishop on c6
cannot be driven off the c6-h1 diagonal by b5.} (23... g5 {Dolmatov} 24. g3 a6
$14) 24. c4 dxc4 25. bxc4 Bc6 26. g3 Rd8 {The first of a series of weak moves
caused by time pressure. Black should have stuck to his original plan by 26...
Rcf8 intending ...g5.} 27. Be4 Bxe4 {Objectively Black would have done better
to admit his error and play 27...Rc8, but such moves are always hard to make
and this is especially true when short of time.} 28. Rxd8 Kxd8 29. Kxe4 {
This ending is very unpleasant for Black since his rook is badly placed and
his e-pawn is weak. Nevertheless he should draw it with correct defence. To
begin with he adopts the right plan by bringing his rook back into play.} Ke7
30. Rd1 Rf8 31. c5 {The critical moment. Black must meet the threat of Rd6
followed by either Rb6 or Ke5. 31...Rd8 32 Rxd8 Kxd8 33 Ke5 loses as White
advances g4, then h4-h5 or h3-h4-h5 depending on the Black king position, then
g5 and gxh6.} Rc8 {This fails to meet the threat. Two accurate moves were
enough: 31...b6! 32 c6 (32 cxb6 Rb8 and 32 Rd6 bxc5 33 bxc5 Rc8 are no better)
Rd8! and after 33 Ra1 (33 c7 Rc8) Ra8 followed by ...a5 the a-pawn secures the
draw.} (31... b6 $5 {Dolmatov} 32. Ra1 bxc5 33. bxc5 Ra8 34. Ra5 Kd7 35. Ke5
Ra7 36. g4 $16) 32. Rd6 {Black must lose a pawn within a few moves and
although the win may be some moves off, Black has no chance.} Rc7 (32... a5 {
Dolmatov} 33. Rb6 axb4 (33... Rc7 34. bxa5 Rxc5 35. Rxb7+ Kf6 36. a6 Ra5 37. a7
$16) 34. Rxb7+ Kf6 35. Kd4 $18) 33. Ke5 a5 34. Rxe6+ Kf7 35. Rb6 axb4 36. Kd5
b3 37. Rxb3 Kf6 38. g4 Rd7+ 39. Kc4 Re7 40. Rb6+ Kf7 41. Kb5 Ke8 42. f5 Kd8 43.
Re6 Rd7 44. Kb6 Rd2 45. Kxb7 Rxh2 46. Rg6 h5 47. gxh5 Rxh5 48. c6 1-0